| 000 | 00572nam a22002177a 4500 | ||
|---|---|---|---|
| 005 | 20250307145254.0 | ||
| 007 | 454 Pages | ||
| 008 | 250307b |||||||| |||| 00| 0 eng d | ||
| 020 | _a9788120417199 | ||
| 041 | _aenglish | ||
| 082 |
_a330.015195 MAD _b33917 |
||
| 100 | _a Madnani GMK | ||
| 110 | _aDr. Asif khan | ||
| 245 | _aIntroduction to Econometrics: Principles and Applications | ||
| 250 | _a 8th Edition | ||
| 260 |
_aDelhi _bCBS Publishers & Distributors _c2022 |
||
| 300 | _a454 Pages | ||
| 365 |
_aRs _b434 |
||
| 650 | _aEconomics | ||
| 942 | _cBK | ||
| 999 |
_c43330 _d43330 |
||